|
|
|
|
| LEADER |
01138nam a2200265 i 4500 |
| 001 |
c000134049 |
| 003 |
CARM |
| 005 |
00000000000000.0 |
| 008 |
760824s1975 at 00010 eng d |
| 020 |
|
|
|a 0909810052 :
|c unpriced
|
| 042 |
|
|
|a anuc
|
| 043 |
|
|
|a u-at---
|
| 110 |
2 |
|
|a W.D. Scott & Co.
|
| 245 |
1 |
2 |
|a A study of resource allocation strategy in Australia :
|b report from W.D. Scott & Co. Pty Ltd.
|
| 260 |
|
|
|a Canberra :
|b Associated Chambers of Manufactures of Australia,
|c 1975.
|
| 300 |
|
|
|a 72,31p. ;
|c 30cm.
|
| 500 |
|
|
|a Industries. Resources. Allocation. Proposals. Australia. Reports, surveys (ANB/PRECIS SIN 0096520)
|
| 500 |
|
|
|a Report commissioned by the Associated Chambers of Manufactures of Australia.
|
| 650 |
|
0 |
|a Production (Economic theory)
|
| 650 |
|
0 |
|a Industries
|z Australia.
|
| 710 |
2 |
0 |
|a Associated Chambers of Manufactures of Australia.
|
| 852 |
8 |
|
|b CARM
|h A2:AL29C0
|i D02747
|p 0108454
|f BK
|
| 082 |
0 |
4 |
|a 338/.0994
|2 19
|
| 999 |
f |
f |
|i ca767ce8-051d-55e4-85e4-a890d48bf2ee
|s 2cfcb84f-f0d1-5773-8351-dcd353cb0571
|
| 952 |
f |
f |
|p Can circulate
|a CAVAL
|b CAVAL
|c CAVAL
|d CARM 1 Store
|e D02747
|f A2:AL29C0
|h Other scheme
|i book
|m 0108454
|